Game of Thrones 20 Questions - Cersei Lannister Quiz Stats

 Plays Quiz not verified by Sporcle

Score 0/20 Timer 08:00
0 Plays Today
Question Answer Wrong Answers
Who was Cersei's first husband? Robert Baratheon
97.1%
Rhaegar Targaryen
1.4%
Oberyn Martell
0.7%
Jaime Lannister
0.7%
What is the name of Cersei's oldest child? Joffrey Baratheon
95.1%
Tommen Baratheon
0.9%
Myrcella Baratheon
1.2%
Gendry
0.5%
What is the name of Cersei's only daughter? Myrcella
94.9%
Myranda
1.4%
Nymeria
1.4%
Arianne
1%
Tyrion Lannister sends Cersei's only daughter away to where? Dorne
94.1%
The Reach
1.2%
Volantis
1.7%
The Stormlands
1.3%
In order to repel Daenerys' invasion, who does Cersei strike an alliance with? Euron Greyjoy
93.4%
Asha Greyjoy
1%
Olenna Tyrell
1.5%
Ellaria Sand
0.7%
Who does Cersei send to 'rescue' her daughter from Dorne? Jaime Lannister and Bronn
93.3%
Brienne of Tarth
1.2%
Gregor Clegane
2.2%
Tyrion Lannister and Podrick Payne
1.3%
How does Cersei's last living child, Tommen, die? Suicide
92.9%
Wildfire explosion
1.3%
Poisoned
1.7%
Stabbed
1.1%
What relation is Lancel Lannister to Cersei? Cousin
91.9%
Uncle
3.7%
Father
0.5%
Bastard brother
2.7%
Tyrion Lannister plans to marry Cersei's daughter to whom? Trystane Martell
90%
Robin Arryn
4.2%
Ramsay Bolton
1.6%
Theon Greyjoy
2.1%
Cersei hires soldiers from which sellsword company to fight for her? The Golden Company
88.2%
The Iron Fleet
6.6%
The Stormcrows
1.2%
The Windblown
0.6%
What relation is Kevan Lannister to Cersei? Uncle
86.4%
Cousin
6.9%
Father
0.8%
Bastard brother
3.6%
Following King Robert's death, Twyin plans to marry Cersei to who? Loras Tyrell
85.1%
Lancel Lannister
2.4%
Oberyn Martell
6.3%
Mace Tyrell
3.9%
When Cersei destroys the Sept of Baelor, which of the following are NOT killed? Olenna Tyrell
84.8%
Margaery Tyrell
2.9%
Mace Tyrell
3.3%
Lancel Lannister
5.6%
Which of the following is known to be a former lover of Cersei's? Lancel Lannister
81.6%
Renly Baratheon
4.1%
Oberyn Martell
5.3%
Loras Tyrell
8.5%
Upon claiming the throne, who does Cersei appoint as her 'Hand of the Queen'? Qyburn
80.3%
Grand Maester Pycelle
10.9%
Tywin Lannister
2.1%
Jaime Lannister
3.6%
Cersei's famous quote; 'When you play the game of thrones, you win, or you die' was spoken to whom? Eddard Stark
79.8%
Petyr Baelish
9.7%
Varys
5.5%
Oberyn Martell
2.7%
Whilst Cersei is imprisoned by the High Sparrow, who is appointed Tommen's 'Hand of the King'? Kevan Lannister
71.5%
Jaime Lannister
5.7%
Tywin Lannister
17.3%
Oberyn Martell
2.8%
During Cersei's 'Walk of Atonement', who walks behind her and rings the bell? Septa Unella
68.5%
The High Sparrow
6.2%
Septa Mordane
17.5%
Septa Lemore
5.1%
Who is Cersei's younger brother? Both Tyrion and Jaime Lannister
62%
Tyrion Lannister
34.1%
Jaime Lannister
3.6%
She's an only child
0.3%
Cersei poisons which Sand Snake in front of her mother? Tyene Sand
38.9%
Nymeria Sand
23.8%
Obara Sand
24.4%
Doreah Sand
9.8%

You're not logged in!

Compare scores with friends on all Sporcle quizzes.
OR
Log In

Show Comments

Extras

Top Quizzes Today


Score Distribution

Your Account Isn't Verified!

In order to create a playlist on Sporcle, you need to verify the email address you used during registration. Go to your Sporcle Settings to finish the process.

Report this User

Report this user for behavior that violates our Community Guidelines.

Details: